MARC

LEADER 00000nam0a2200000 4500
001 364777
005 20231102011725.0
035 |a (RuTPU)RU\TPU\retro\22140 
090 |a 364777 
100 |a 20211129d1981 km y0rusy50 ca 
101 0 |a rus 
102 |a RU 
105 |a a z 001zy 
200 1 |a Ротационные методы испытаний приборных устройств  |f Л. М. Самсонов, А. К. Каляев, А. В. Марков и др. 
210 |a Москва  |c Машиностроение  |d 1981 
215 |a 136 с.  |c ил. 
320 |a Библиогр.: с. 130-131 
606 1 |a Авиационные приборы  |x Испытание  |2 stltpush  |3 (RuTPU)RU\TPU\subj\465  |9 29382 
610 1 |a ротационные методы 
610 1 |a приборные устройства 
610 1 |a импульсные перегрузки 
610 1 |a непрерывные нагрузки 
610 1 |a ортогональные нагрузки 
610 1 |a метод подобия 
675 |a 629.73.05  |v 4 
701 1 |a Самсонов  |b Л. М. 
701 1 |a Каляев  |b А. К. 
701 1 |a Марков  |b А. В. 
701 1 |a Поляков  |b С. В. 
701 1 |a Шевченко  |b А. П. 
801 1 |a RU  |b 63413507  |c 20211129 
801 2 |a RU  |b 63413507  |c 20211129  |g RCR 
942 |c BK